Asomor prekshapotot uttar pub bharatar rajniti (Record no. 9069)

MARC details
000 -LEADER
fixed length control field 00744cam a2200265ua 4500
001 - CONTROL NUMBER
control field 10078
005 - DATE AND TIME OF LATEST TRANSACTION
control field 20260515114549.0
008 - FIXED-LENGTH DATA ELEMENTS--GENERAL INFORMATION
fixed length control field 170329n ii |||gr||||Z||||||asm
020 ## - INTERNATIONAL STANDARD BOOK NUMBER
International Standard Book Number 9788192321899
040 ## - CATALOGING SOURCE
Transcribing agency MAIN
041 ## - LANGUAGE CODE
Language code of text/sound track or separate title asm
082 ## - DEWEY DECIMAL CLASSIFICATION NUMBER
Classification number 320.95416
100 ## - MAIN ENTRY--PERSONAL NAME
Personal name Gogoi, Kamal,
Relator term Author.
245 ## - TITLE STATEMENT
Title Asomor prekshapotot uttar pub bharatar rajniti
Statement of responsibility, etc. By Kamal Gogoi and others
250 ## - EDITION STATEMENT
Edition statement 1st ed.
260 ## - PUBLICATION, DISTRIBUTION, ETC.
Place of publication, distribution, etc. Dibrugarh:
Name of publisher, distributor, etc. National library,
Date of publication, distribution, etc. 2013.
300 ## - PHYSICAL DESCRIPTION
Extent 560p.
653 ## - INDEX TERM--UNCONTROLLED
Uncontrolled term Political science
653 ## - INDEX TERM--UNCONTROLLED
Uncontrolled term Politics of North East India
700 ## - ADDED ENTRY--PERSONAL NAME
Personal name Bora, Ganesh Chandra,
Relator term Author.
700 ## - ADDED ENTRY--PERSONAL NAME
Personal name Das, Deepen,
Relator term Author.
700 ## - ADDED ENTRY--PERSONAL NAME
Personal name Phukan, Debajit,
Relator term Author.
700 ## - ADDED ENTRY--PERSONAL NAME
Personal name Kalita, Tapan C.,
Relator term Author.
942 ## - ADDED ENTRY ELEMENTS (KOHA)
Koha item type Books
Holdings
Withdrawn status Lost status Damaged status Not for loan Home library Current library Shelving location Date acquired Total checkouts Full call number Barcode Date last seen Copy number Price effective from Koha item type Date last checked out
        Naharkatiya College Library Naharkatiya College Library General stacks 09/19/2020   320.95416Politics of North East India | ASO 23637 09/19/2020 2 09/19/2020 Books  
        Naharkatiya College Library Naharkatiya College Library General stacks 09/19/2020 2 320.95416Politics of North East India | ASO 23638 03/30/2022 1 09/19/2020 Books 03/21/2022